000
00276nam a2200121Ia 4500
100
_a
Mcfaddon/ Hoffer/J.A
942
_c
RB
654
_a
database
245
_a
Modern Database Management
260
_b
Benjamain
_a
California
_c
1993
082
_a
5.7406
_b
MCF
546
_a
ENGLISH
999
_c
22957
_d
22957